Cuentos escritos a máquina (Registro nro. 58755)
[ vista simple ]
| 000 -LDR (LÍDER) | |
|---|---|
| fixed length control field | 00683nam a22002417 4500 |
| 008 - FIXED-LENGTH DATA ELEMENTS--GENERAL INFORMATION | |
| fixed length control field | 241128r |||a|||gr|||| 00| 0 spa d |
| 040 ## - FUENTE DE CATALOGACIÓN | |
| Agencia catalogadora original | CO-BoRNBP |
| Idioma de la agencia catalogadora | spa |
| Norma para la descripción | rda |
| Agencia que transcribe | CO-BoRNBP |
| 084 ## - Clasificación facetada | |
| Número de clasificación | C ROD |
| 100 1# - Autor | |
| Nombre | Rodari, Gianni |
| Termino relación | autor |
| 9 (RLIN) | 2463 |
| 245 10 - Título | |
| Título | Cuentos escritos a máquina |
| Mención de responsabilidad | Gianni Rodari |
| 250 ## - Edición | |
| Edición | tercera edición |
| 264 #1 - Pie de imprenta | |
| Ciudad de publicación | Madrid, España |
| Editorial | Alfaguara |
| Año | 1982 |
| 300 ## - Descripción física | |
| Extensión | 270 páginas |
| Dimensiones | 22 cm. |
| 336 ## - Tipo de Contenido | |
| Tipo de contenido | texto |
| Código de tipo de contenido | txt |
| Fuente | rdacontenido |
| 337 ## - Tipo de Medio | |
| Tipo de Medio | sin mediación |
| Código de tipo de medio | n |
| Fuente | rdamedio |
| 338 ## - Tipo de soporte | |
| Tipo de soporte | volumen |
| Código de tipo de soporte | nc |
| Fuente | rdasoporte |
| 650 17 - Asiento secundario de materia - término temático | |
| Fuente del encabezado o término | LEMB |
| 653 ## - Tema | |
| Tema | cuentos |
| 653 ## - Tema | |
| Tema | cuentos juveniles italianos |
| 942 ## - Información adicional | |
| Tipo de material | Libro Literatura |
| Estado de pérdida | Fuente del sistema de clasificación o colocación | Estado de daño | Koha normalized classification for sorting | Not for loan | Colección | Biblioteca | Biblioteca actual | Localización | Fecha de adquisición | Koha issues (times borrowed) | Signatura topográfica | Código de barras | Koha date last seen | Price effective from | Tipo de ítem |
|---|---|---|---|---|---|---|---|---|---|---|---|---|---|---|---|
| Clasificación Local Facetada | C R O D | Colección General | Biblioteca Pública San Juanito - Ernesto Maria Peña Romero | Biblioteca Pública San Juanito - Ernesto Maria Peña Romero | Literatura | 08/27/2025 | C ROD | SJU01979 | 08/27/2025 | 08/27/2025 | Libro Literatura |